Aktivity malých a stredných podnikov v procese globalizácie ekonomiky

Malé a stredné podniky v SR, ich významná úloha. Sú zdrojom inovácií, nových technológií, sú schopné pružne reagovať na zmeny trhu a ich pracovný potenciál má univerzálnejšie zameranie ako pracovníci veľkých podnikov. Snaha EÚ o zlepšenie podmienok ich činnosti ako aj stimulovanie rastu tohto sekto...

ver descrição completa

Na minha lista:
Detalhes bibliográficos
Autor principal: Schultzová, Anna
Formato: Capítulo de Livro
Idioma:eslovaco
Assuntos:
Tags: Adicionar Tag
Sem tags, seja o primeiro a adicionar uma tag!

MARC

LEADER 00000nla$a2200000$$$4500
001 0076271
005 20240502071907.4
041 0 |a slo 
044 |a SK 
245 1 0 |a Aktivity malých a stredných podnikov v procese globalizácie ekonomiky  |c Anna Schultzová 
520 |a Malé a stredné podniky v SR, ich významná úloha. Sú zdrojom inovácií, nových technológií, sú schopné pružne reagovať na zmeny trhu a ich pracovný potenciál má univerzálnejšie zameranie ako pracovníci veľkých podnikov. Snaha EÚ o zlepšenie podmienok ich činnosti ako aj stimulovanie rastu tohto sektora kvalitnými poradenskými, informačnými a vzdelávacími aktivitami štátu a príslušných vzdelávacích agentúr. 
610 2 0 |a podnik malý 
610 2 0 |a podnik stredný 
610 2 0 |a podpora podnikania 
610 2 0 |a Európska únia 
610 2 0 |a konkurencieschopnosť 
610 2 0 |a zamestnanosť 
100 1 |a Schultzová, Anna